000 00801nam a2200253 i 4500
003 OSt
005 20260216165039.0
008 260215s2025 my gr 000 f may d
020 _a9789670082400
_qpaperback
_cRM45.00
040 _aPPAK
_beng
_cPPAK
_erda
082 0 4 _a899.2333
_223
090 0 0 _a899.2333
_bLUV
_dG
100 0 _aLuvleytien,
_eauthor.
245 1 0 _aMariposa :
_bMilik Mikhael.
_n1 /
_cLUVLEYTIEN ; Editor : Team Editorial AHA
264 1 _aPUNCAK ALAM, SELANGOR :
_bAHA PUBLICATION ,
_c2025
300 _a771 pages :
_c20 cm
336 _atext
_2rdacontent
337 _aunmediated
_2rdamedia
338 _avolume
_2rdacarrier
650 1 0 _aMalay fiction
650 2 4 _aMalaysian fiction (Malay)
710 2 _aTeam Editorial AHA,
_eeditor.
942 _2ddc
_cB
999 _c203096
_d203096